00991nam a2200205 a 450000500170000000800410001704000270005804100080008504400070009324501810010026000500028130000850033150000640041665000710048065000500055165000460060165000460064765000490069365000430074220161011114532.0161011s2012 ck ad|||r|||| 00| 0 spa d aCO-BoIAVH cCO-BoIAVH 0 aspa ack00aLínea base de biodiversidad en sabanas y bosques de predios productivos en la Orinoquia colombiana : bcaracterización de la biodiversidad. Plantas • Escarabajos • Aves aBogotá?, Colombia : bGEF : bPNUD,c2012?. a1 plegable (17 páginas) : bilustraciones a color y gráficas ; c23 x 16 cm. aConservación de la biodiversidad en predios productivos. 26aBiodiversidadxcaracterizaciónzColombiazVichada (Departamento)24aAltillanurazColombiazVichada (Departamento)26aSabanaszColombiazVichada (Departamento)26aPlantaszColombiazVichada (Departamento)26aColeopterazColombiazVichada (Departamento)26aAveszColombiazVichada (Departamento)